| 000 | 00461pab a2200169 454500 | ||
|---|---|---|---|
| 008 | 180718b2007 xxu||||| |||| 00| 0 eng d | ||
| 100 | _aTimberlake, Jeffrey M. | ||
| 245 | _aRacial and ethnic inequality in the duration of children's exposure to neighborhood poverty and affluence | ||
| 260 | _c2007 | ||
| 300 | _ap.319-42. | ||
| 362 | _aAug | ||
| 650 | _aPoverty | ||
| 650 | _aEthnic groups | ||
| 773 | _aSocial Problems | ||
| 908 | _aN | ||
| 909 | _a76207 | ||
| 999 |
_c76207 _d76207 |
||